000 00491cam a2200181ua 4500
001 20316
008 140719n II |||gr||||Z||||||asm
040 _aMAIN
041 _aEnglish
082 _a891.451 HAZ
100 _aHAZARIKA, KARABI DEKA (Ed./-).
245 _aBEZBARUAH SAHITYA CHAYAN (LAXMINATH BEZBARUAH R NIRBACHITA RACHANA SANGRAH)
250 _a1ST.
260 _aGUWAHATI:
_bASOM PUBLISHING CO.,
_c2014.
300 _a502:
_c20CM.
653 _aAsomiya Sahitya
942 _cBK
999 _c20178
_d20178